000 00284nam a2200109Ia 4500
008 220204s9999 xx 000 0 und d
082 _a339.1(540)
_bJAR
100 _aJariwala, C M
245 0 _aFreedom of interstate trade in India
260 _aNew Delhi
_bSterling
_c1975
942 _cBK
999 _c32516
_d32516